| 000 | 00947cam a2200289 i 4500 | ||
|---|---|---|---|
| 999 |
_c200441666 _d59878 |
||
| 003 | TR-AnTOB | ||
| 005 | 20221115140946.0 | ||
| 007 | ta | ||
| 008 | 081010s1969 tu d 000 0 tur | ||
| 040 |
_aTR-AnTOB _beng _erda _cTR-AnTOB |
||
| 041 | 0 | _atur | |
| 050 | 4 |
_aSB379.C5 _bY834 1969 |
|
| 090 |
_aSB379.C5 _bY834 1969 |
||
| 100 | 1 |
_aYücel, Ayhan, _eauthor _9131165 |
|
| 245 | 1 | 0 |
_aTürkiye'de kiraz ve vişnenin pazarlanması ve problemleri üzerine rapor / _cyazan: Ayhan Yücel. |
| 264 | 1 |
_aYalova : _bYalova Bahçe Kültürleri Araştırma ve Eğitim Merkezi, _c1969. |
|
| 300 |
_a32 pages : _btables ; _c28 cm |
||
| 336 |
_2rdacontent _atext _btxt |
||
| 337 |
_2rdamedia _aunmediated _bn |
||
| 338 |
_2rdacarrier _avolume _bnc |
||
| 504 | _aBIB | ||
| 650 | 7 |
_aKiraz _zTürkiye _2etuturkob _9139247 |
|
| 650 | 7 |
_aSweet cherry _zTürkiye _2etuturkob _9139248 |
|
| 942 |
_2lcc _cBK |
||